Leyes sociales de España conforme a los textos oficiales / (Record no. 103886)

MARC details
000 -LEADER
campo de control de longitud fija 01212nam a2200277 i 4500
001 - NÚMERO DE CONTROL
campo de control 103886
003 - IDENTIFICADOR DE NÚMERO DE CONTROL
campo de control ES-MaACL
005 - FECHA Y HORA DE LA ÚLTIMA TRANSACCIÓN
campo de control 20250827062618.0
007 - CAMPO FIJO DE DESCRIPCIÓN FÍSICA--INFORMACIÓN GENERAL
campo de control de longitud fija t|
008 - DATOS DE LONGITUD FIJA--INFORMACIÓN GENERAL
campo de control de longitud fija 051121s1951 sp ||||1| spa d
110 1# - ENTRADA PRINCIPAL--NOMBRE DE ENTIDAD CORPORATIVA
Nombre de entidad corporativa o nombre de jurisdicción como elemento de entrada España
9 (RLIN) 3622
240 10 - TÍTULO UNIFORME
Título uniforme Leyes, etc., sociales
245 10 - MENCIÓN DEL TÍTULO
Título Leyes sociales de España conforme a los textos oficiales /
Mención de responsabilidad, etc. por Mariano González-Rothvoss... José Castán Tobeñas... León Martín Granizo... Eugenio Pérez Botija.
260 ## - PUBLICACIÓN, DISTRIBUCIÓN, ETC.
Lugar de publicación, distribución, etc. Madrid :
Nombre del editor, distribuidor, etc. Instituto Editorial Reus,
Fecha de publicación, distribución, etc. 1951.
300 ## - DESCRIPCIÓN FÍSICA
Extensión 1 v. (pág. var.) ;
Dimensiones 18 cm.
490 1# - MENCIÓN DE SERIE
Mención de serie Biblioteca Medina y Marañón
650 04 - PUNTO DE ACCESO ADICIONAL DE MATERIA--TÉRMINO DE MATERIA
Término de materia o nombre geográfico como elemento de entrada Derecho laboral-
Subdivisión geográfica España
9 (RLIN) 11726
655 #0 - TERMINO DE INDIZACIÓN--GENERO/FORMA
Datos o término principal de género/forma Legislación
9 (RLIN) 226283
700 1# - ENTRADA AGREGADA--NOMBRE PERSONAL
Nombre de persona González-Rothvoss y Gil, Mariano.
9 (RLIN) 58932
830 1# - PUNTO DE ACCESO ADICIONAL DE SERIE-TÍTULO UNIFORME
Título uniforme Biblioteca Medina y Marañón
9 (RLIN) 184645
852 4# - LOCALIZACIÓN
Ubicación ES-MaACL
itemnumber 107773
Número de control de estantería G-16142
Signatura antigua Olim: A-5423
-- Olim: L 349.3(460)"1951" ESP
Sublocalización o colección R.43353
Ubicación en estantería Depósito 2
852 4# - LOCALIZACIÓN
Ubicación ES-MaACL
itemnumber 107774
Número de control de estantería A-5374
Encuadernación Expurgado en 2022: ejemplar deteriorado; ejemplar falto de paginas.
Ubicación en estantería Sala Pecera Planta 1
852 4# - LOCALIZACIÓN
Ubicación ES-MaACL
itemnumber 107775
Número de control de estantería A-5372
Encuadernación Expurgado en 2022: ejemplar deteriorado; ejemplar falto de paginas.
Ubicación en estantería Sala Pecera Planta 1
942 ## - ELEMENTOS DE ENTRADA SECUNDARIOS (KOHA)
Fuente del sistema de clasificación o colocación Clasificación decimal universal
Tipo de ítem Koha Libro impreso
Suprimir en OPAC No
Holdings
Estatus retirado Estado de pérdida Fuente del sistema de clasificación o colocación Estado de daño No para préstamo Biblioteca de origen Biblioteca actual Ubicación en estantería Fecha de adquisición Total de préstamos Signatura topográfica completa Código de barras Visto por última vez Precio de reemplazo Tipo de ítem Koha
    Clasificación decimal universal     Biblioteca del Ateneo de Madrid Biblioteca del Ateneo de Madrid Depósito 2 17/01/2008   G-16142 1108466 23/02/2023 23/02/2023 Libro impreso
Expurgado   Clasificación decimal universal     Biblioteca del Ateneo de Madrid Biblioteca del Ateneo de Madrid Sala Pecera Planta 1 17/01/2008   A-5374 1108464 23/02/2023 23/02/2023 Libro impreso
Expurgado   Clasificación decimal universal     Biblioteca del Ateneo de Madrid Biblioteca del Ateneo de Madrid Sala Pecera Planta 1 17/01/2008   A-5372 1108465 23/02/2023 23/02/2023 Libro impreso